Matematický aparát fyziky /

Enregistré dans:
Détails bibliographiques
Auteur principal: Kvasnica, Jozef (Auteur)
Format: Livre
Publié: Praha : Academia, 1989
Tags: Ajouter un tag
Pas de tags, Soyez le premier à ajouter un tag!

MARC

LEADER 00000nam a22000003a 4500
001 stu46676
005 20150617225716.9
008 ------s1989----cs----------------------d
040 |a STU  |b slo 
041 0
044 |a cs 
080 |a 51  |7 stu_us_auth*stu8333 
100 1 |a Kvasnica, Jozef  |4 aut 
245 1 |a Matematický aparát fyziky /  |c [aut.] Kvasnica,Jozef 
260 |a Praha :  |b Academia,  |c 1989 
300 |a 383 s 
996 |b J85120  |c J*85120-85121/K 10  |l JJK10  |s P  |a 0  |w stu46676_0001 
996 |b J85121  |c J*85120-85121/K 10  |l JJK10  |s P  |a 0  |w stu46676_0002 
996 |b J85131  |c J*85131/K 6  |l JJK6  |s P  |a 0  |w stu46676_0003 
996 |b J84771  |c J*84771/K 12  |l JJK12  |s P  |a 0  |w stu46676_0004